000
00271nam a22001217a 4500
008
180807b xxu||||| |||| 00| 0 eng d
082
_a
813.52
245
_a
Nursing Assistant
_c
ELSEVIER
260
_c
2006
300
_a
1
_f
CD
440
_x
9996009580R2
942
_2
ddc
_c
MX
999
_c
46890
_d
46890